| 000 | 01008nam a2200217 a 4500 | ||
|---|---|---|---|
| 001 | 001084228 | ||
| 003 | AM-YeHGA | ||
| 005 | 20250617151417.0 | ||
| 008 | 150605s1975 ru 000 0 rus d | ||
| 040 | _aAM-YeHGA | ||
| 041 | 0 | _arus | |
| 245 | 0 | 0 |
_aЭлектрические машины вращательного и поступательного движения : _bСборник научных трудов / _cНовосиб. электротехн. ин-т; Отв. ред. О.Н. Веселовский, В.В. Жуловян. |
| 260 |
_aНовосибирск : _bНЭТИ, _c1975. |
||
| 300 |
_a160 с. : _bил. |
||
| 504 | _aБиблиогр.: в конце статей | ||
| 650 | 1 | 4 | _aЭлектродвигатели - Сборники |
| 700 | 1 |
_aВеселовский, Олег Николаевич _eред. _4edt |
|
| 700 | 1 |
_aЖуловян, В.В. _eред. _4edt |
|
| 710 | 2 | _aНовосибирский электротехнический институт | |
| 090 | _c352485 | ||
| 999 |
_c350673 _d350673 |
||